| 000 | 00711nam a2200229 a 4500 | ||
|---|---|---|---|
| 005 | 20230829063533.0 | ||
| 008 | 991125s2002 ag 000 0 spa u | ||
| 020 | _a9870002528 | ||
| 035 | _aUPN01000004063 | ||
| 049 | _aCG | ||
| 050 | 4 |
_aB132 S6 _bM4.3 |
|
| 100 | 1 |
_aMello, Anthony de _929288 |
|
| 245 | 1 | 0 |
_aDespertar en primavera : _bhistorias para refrescar el alma / _cAnthony de Mello, Romano Guardini, Thomas Merton. |
| 260 |
_aBuenos Aires ; _aMéxico : _bLumen, _c2002. |
||
| 300 | _a189 p. | ||
| 440 | 0 |
_aAntología espiritual ; _v2 |
|
| 650 | 2 |
_aEspiritualidad _97223 |
|
| 650 | 4 |
_aALMA Y CUERPO _92414 |
|
| 700 | 1 |
_aGuardini, Romano, _ecoaut. |
|
| 700 | 1 |
_aMerton, Thomas, _ecoaut. |
|
| 905 | _aLibro | ||
| 999 |
_c4063 _d4063 |
||